Statistics for Münchener S-Bahn Stationen

Click here to take the quiz!

General Stats

  • This quiz has been taken 126 times
  • The average score is 143 of 249

Answer Stats

HintAnswer% Correct
Hauptbahnhof
96%
Karlsplatz (Stachus)
94%
Ostbahnhof
94%
Marienplatz
93%
Flughafen Besucherpark
91%
Flughafen München
91%
Donnersbergerbrücke
90%
Hackerbrücke
90%
Pasing
90%
Laim
88%
Isartor
87%
S1Freising
83%
Rosenheimer Platz
82%
Hirschgarten
80%
Moosach
78%
Dachau
74%
Starnberg
74%
Starnberg Nord
74%
S6Tutzing
74%
Erding
72%
Haar
72%
S8Herrsching
71%
Leuchtenbergring
71%
S7Wolfratshausen
71%
S3Mammendorf
68%
Trudering
66%
Ebersberg
63%
Petershausen
63%
Feldmoching
62%
Giesing
61%
Unterschleißheim
61%
Berg am Laim
60%
Holzkirchen
60%
Kreuzstraße
60%
S20 | S4Geltendorf
59%
Neuperlach Süd
57%
Westkreuz
57%
S2Altomünster
56%
Germering-Unterpfaffenhofen
56%
Grafing Bahnhof
56%
Grafing Stadt
56%
Harras
55%
Ismaning
54%
Riem
54%
Fasanerie
52%
Fürstenfeldbruck
52%
Neufahrn
52%
Aying
51%
Maisach
51%
Eching
50%
Karlsfeld
50%
Unterhaching
50%
Pullach
49%
Siemenswerke
49%
Heimeranplatz
48%
Ottobrunn
48%
Vaterstetten
48%
Aubing
46%
Deisenhofen
46%
Obermenzing
46%
St.-Martin-Straße
46%
Untermenzing
46%
Allach
45%
Fasangarten
45%
Poing
44%
Solln
44%
Türkenfeld
44%
Daglfing
43%
Gauting
43%
Höhenkirchen-Siegertsbrunn
43%
Markt Schwaben
43%
Mittersendling
43%
Perlach
43%
Zorneding
43%
Altenerding
41%
Großhesselohe Isartalbahnhof
41%
Höllriegelskreuth
41%
Olching
41%
Hallbergmoos
40%
Neuaubing
40%
Unterföhring
40%
Freiham
39%
Neubiberg
39%
Puchheim
39%
Baierbrunn
38%
Buchenau
38%
Icking
38%
Johanneskirchen
38%
Planegg
38%
Baldham
37%
Grafrath
37%
Heimstetten
37%
Langwied
37%
Possenhofen
37%
Taufkirchen
37%
Dachau Stadt
35%
Feldkirchen
35%
Gröbenzell
35%
Fasanenpark
34%
Gräfelfing
34%
Lohhof
34%
Eichenau
33%
Feldafing
33%
Gronsdorf
33%
Weßling
33%
Gilching-Argelsried
32%
Hohenschäftlarn
32%
Kirchseeon
32%
Lochhausen
32%
Englschalking
30%
Markt Indersdorf
30%
Sauerlach
30%
Furth
29%
Grub
29%
Stockdorf
29%
Vierkirchen-Esterhofen
29%
Ebenhausen-Schäftlarn
28%
Pulling
28%
St. Koloman
28%
Buchenhain
27%
Esting
27%
Gernlinden
27%
Leienfelsstraße
27%
Schöngeising
27%
Seefeld-Hechendorf
27%
Erdweg
26%
Harthaus
26%
Hohenbrunn
26%
Lochham
26%
Malching
26%
Otterfing
26%
Eglharting
24%
Peiß
24%
Röhrmoos
24%
Steinebach
23%
Wächterhof
23%
Dürrnhaar
22%
Großhelfendorf
22%
Aufhausen
21%
Bachern
21%
Neugilching
21%
Ottenhofen
20%
Kleinberghofen
18%
Schwabhausen
18%
Arnbach
16%
Geisenbrunn
16%
Niederroth
16%
Herbertshausen
15%
Schöngiesing
9%

Score Distribution

Percentile by Number Answered

Percent of People with Each Score

Your Score History

You have not taken this quiz